| 000 -LEADER | |
|---|---|
| fixed length control field | 00887cam a22002774i 4500 |
| 001 - CONTROL NUMBER | |
| control field | 19598930 |
| 003 - CONTROL NUMBER IDENTIFIER | |
| control field | OSt |
| 005 - DATE AND TIME OF LATEST TRANSACTION | |
| control field | 20250420134822.0 |
| 008 - FIXED-LENGTH DATA ELEMENTS--GENERAL INFORMATION | |
| fixed length control field | 170417s2018 flua b 001 0 eng |
| 010 ## - LIBRARY OF CONGRESS CONTROL NUMBER | |
| LC control number | 2017018670 |
| 020 ## - INTERNATIONAL STANDARD BOOK NUMBER | |
| International Standard Book Number | 9781498736954 (pbk. : alk. paper) |
| 040 ## - CATALOGING SOURCE | |
| Original cataloging agency | DLC |
| Language of cataloging | eng |
| Transcribing agency | KCST |
| Description conventions | rda |
| Modifying agency | DLC |
| 042 ## - AUTHENTICATION CODE | |
| Authentication code | pcc |
| 050 00 - LIBRARY OF CONGRESS CALL NUMBER | |
| Classification number | TJ808 |
| Item number | .E34 2018 |
| 082 00 - DEWEY DECIMAL CLASSIFICATION NUMBER | |
| Classification number | 333.794 |
| Edition information | 23 |
| Item number | Eh Re |
| 100 1# - MAIN ENTRY--PERSONAL NAME | |
| Personal name | Ehrlich, Robert, |
| Dates associated with a name | 1938- |
| Relator term | author. |
| 9 (RLIN) | 5395 |
| 245 10 - TITLE STATEMENT | |
| Title | Renewable energy : |
| Remainder of title | a first course / |
| Statement of responsibility, etc. | Robert Ehrlich, Harold A. Geller. |
| 250 ## - EDITION STATEMENT | |
| Edition statement | Second edition. |
| 260 #1 - PUBLICATION, DISTRIBUTION, ETC. | |
| Place of publication, distribution, etc. | Boca Raton |
| Name of publisher, distributor, etc. | CRC Press, Taylor & Francis Group, |
| Date of publication, distribution, etc. | [2018] |
| 300 ## - PHYSICAL DESCRIPTION | |
| Extent | xxiii, 490 pages : |
| Other physical details | illustrations ; |
| Dimensions | 28 cm |
| 504 ## - BIBLIOGRAPHY, ETC. NOTE | |
| Bibliography, etc. note | Includes bibliographical references and index. |
| 650 #0 - SUBJECT ADDED ENTRY--TOPICAL TERM | |
| Topical term or geographic name entry element | Renewable energy sources. |
| 9 (RLIN) | 5396 |
| 700 1# - ADDED ENTRY--PERSONAL NAME | |
| Personal name | Geller, Harold, |
| Dates associated with a name | 1954- |
| Relator term | author. |
| 9 (RLIN) | 5397 |
| 942 ## - ADDED ENTRY ELEMENTS (KOHA) | |
| Koha item type | Book |
| 942 ## - ADDED ENTRY ELEMENTS (KOHA) | |
| Source of classification or shelving scheme | Dewey Decimal Classification |
| Withdrawn status | Lost status | Source of classification or shelving scheme | Damaged status | Not for loan | Home library | Current library | Date acquired | Cost, normal purchase price | Total checkouts | Full call number | Barcode | Date last seen | Cost, replacement price | Price effective from | Koha item type |
|---|---|---|---|---|---|---|---|---|---|---|---|---|---|---|---|
| Dewey Decimal Classification | KCST Library | KCST Library | 13/10/2021 | 26.00 | 333.794 Eh Re | 1000000881 | 13/10/2021 | 26.00 | 13/10/2021 | Book |